The Best NBA Players At Each Height 2025 - Statistics

General Stats
  • This quiz has been taken 254 times
  • The average score is 12 of 20
Answer Stats
Height Answer % Correct
7'4 Victor Wembanyama
97%
6'9 LeBron James
95%
6'2 Stephen Curry
93%
6'11 Nikola Jokic
89%
6'7 Luka Doncic
80%
7'0 Joel Embiid
77%
6'10 Kevin Durant
75%
6'8 Jayson Tatum
71%
6'6 Shai Gilgeous-Alexander
68%
6'4 Anthony Edwards
64%
7'2 Kristaps Porzingis
58%
6'5 Devin Booker
54%
7'5 Zach Edey
51%
6'1 Trae Young
48%
6'3 Donovan Mitchell
47%
7'1 Rudy Gobert
44%
7'3 Bol Bol
35%
5'9 Isaiah Thomas
32%
6'0 Fred VanVleet
25%
5'8 Jacob Gilyard
5%
No matching quizzes found
Score Distribution
Percent of People with Each Score
Percentile by Number Answered
Your Score History
You have not taken this quiz